logo

Bir Sreshtho Munshi Abdur Rouf Library
Jhenaidah Cadet College

শয়তান যেভাবে ধোঁকা দেয়: (Record no. 12234)

MARC details
000 -LEADER
fixed length control field 00870nam a2200241 a 4500
001 - CONTROL NUMBER
JCCL Control Number 12234
003 - CONTROL NUMBER IDENTIFIER
JCCL marc code BD-JhCC
005 - DATE AND TIME OF LATEST TRANSACTION
control field 20221201134023.0
008 - FIXED-LENGTH DATA ELEMENTS--GENERAL INFORMATION
fixed length control field 210829b2019 bg |||| ||a| 000 0 ben d
035 ## - SYSTEM CONTROL NUMBER
system control number (BD-JhCC)12234
040 ## - CATALOGING SOURCE
Original cataloging agency BD-JhCC
Modifying agency BD-JhCC
041 ## - LANGUAGE CODE
Language code of Book bengali
082 ## - DEWEY DECIMAL CLASSIFICATION NUMBER
Classification number 297.2042
Author mark and Year JAU 2019
100 ## - MAIN ENTRY--PERSONAL NAME
Personal name জাওযি, ইমাম ইবনুল
245 ## - TITLE STATEMENT
Title শয়তান যেভাবে ধোঁকা দেয়:
Remainder of title তাববিসে ইবলিস /
Statement of responsibility, etc ইমাম ইবনুল জাওযি, অনুঃ মুফতি আবু সাআদ ।
260 ## - PUBLICATION, DISTRIBUTION, ETC. (IMPRINT)
Place of publication, distribution, etc ঢাকা:
Name of publisher, distributor, etc দারুল আরকাম;
Date of publication, distribution, etc ২০১৯.
300 ## - PHYSICAL DESCRIPTION
Pagination 480 p. :
Dimensions 22 cm.
650 ## - SUBJECT ADDED ENTRY--TOPICAL TERM
Topical term or geographic name as entry element Devil-- islam
650 ## - SUBJECT ADDED ENTRY--TOPICAL TERM
Topical term or geographic name as entry element Islamic Heresies
700 ## - ADDED ENTRY--PERSONAL NAME
Personal name সাআদ ,মুফতি আবু
942 ## - ADDED ENTRY ELEMENTS (KOHA)
Source of classification or shelving scheme Dewey Decimal Classification
Koha item type Books
Koha issues (borrowed), all copies 7
Holdings
Source of classification or shelving scheme Damaged status Not for loan Home library Current library Shelving location Date of accession Cost, normal purchase price Total Checkouts Full call number Barcode Date last seen Date checked out Copy number Koha item type
Dewey Decimal Classification     JCC Rouf Library JCC Rouf Library General Stacks 08/29/2021 336.00 9 297.2042 JAU 2019 16748 04/17/2025 04/10/2025 C-1 Books
Dewey Decimal Classification     JCC Rouf Library JCC Rouf Library General Stacks 10/19/2022 560.00 2 297.2042 JAU 2019 17548 07/24/2024 07/11/2024 C-2 Books

JCC Library | Contacts | JCC Home

Last Update on 23 September 2017
Copyright @ 2017-2020 JCC Rouf Library
Rouf Library, Jhenidah Cadet College (JCC), Bangladesh